| 000 | 00436nam a2200169Ia 4500 | ||
|---|---|---|---|
| 003 | OSt | ||
| 005 | 20250912114359.0 | ||
| 020 | _a9966-1511-1-7 | ||
| 040 | _cLC | ||
| 050 |
_aKSK 4610 .K53 2010 _b1 |
||
| 100 | _a KIAGE, PATRICK | ||
| 245 | 0 | _aESSENTIALS OF CRIMINAL PROCEDURE IN KENYA | |
| 260 |
_aNAIROBI, _bLAWAFRICA PUBLISHING, _c2010, |
||
| 300 | _aXIiX, 222 P, ILL | ||
| 650 | _aCriminal procedure-Kenya | ||
| 942 |
_cBK _2ddc _n0 |
||
| 999 |
_c166252 _d166252 |
||